000 00576nam a2200193Ia 4500
005 20250508152724.0
008 008 250505s9999 xx 000 0 eng d
037 _aTextual
040 _aFEDL
_beng
_cFEDL
041 _aeng
_2eng
084 _a371.4, IND
_qFEDL
245 0 _aDifficulties of basic school teachers
260 _aNew Delhi, India
_bNational Institute of Basic Educaion
_c1960
300 _a60p
490 _aResearch and studies
650 _aEducational guidance and Counseling
942 _cTEXL
_h371.4, IND
999 _c1338322
_d1338322